| 000 | 00382pam a2200157a 44500 | ||
|---|---|---|---|
| 008 | 230515b2008 xxu||||| |||| 00| 0 eng d | ||
| 020 | _aNULL | ||
| 041 | _aENGLISH | ||
| 082 | _a620.001515/GOK | ||
| 100 | _aGOKHALE NITIN | ||
| 245 | _aPRACTICAL FINITE ELEMENT ANALYSIS | ||
| 250 | _a0 | ||
| 260 |
_aDELHI _bFIVE STANS CENTRE PRIZES _c2008 |
||
| 300 | _aXV-416 | ||
| 650 | _aNULL | ||
| 999 |
_c655089 _d655089 |
||